[Event "WY U-16 Chess Olympiad 2019"]
[Site "Corum"]
[Date "2019.11.03"]
[Round "6"]
[White "Briem, Stephan"]
[Black "Hua, Eugene"]
[Result "0-1"]
[WhiteElo "2199"]
[BlackElo "2285"]
[Annotator "ChessBase"]
[PlyCount "140"]
[EventDate "2019.10.28"]
[EventType "team-tourn"]
[EventCountry "TUR"]
[SourceTitle "playchess.com"]
[Source "ChessBase"]
[SourceQuality "1"]

1. d4 Nf6 2. Nf3 d5 3. c4 e6 4. e3 Be7 5. b3 c5 6. dxc5 Bxc5 7. Bb2 O-O 8. Nbd2 Nc6 9. a3 d4 10. exd4 Bxd4 11. Nxd4 Nxd4 12. Bd3 e5 13. O-O Bg4 14. f3 Bf5 15. Bxf5 Nxf5 16. Qe2 Re8 17. Qf2 Qd3 18. Ne4 Qxb3 19. Nxf6+ gxf6 20. Rae1 Qb6 21. c5 Qc6 22. g4 Ng7 23. f4 exf4 24. Qxf4 Qxc5+ 25. Bd4 Qg5 26. Qg3 h5 27. Bxf6 Qxg4 28. Rxe8+ Rxe8 29. Rb1 b6 30. Qxg4 hxg4 31. Rb4 Re6 32. Bd4 f5 33. Rb5 Re4 34. Bc3 Rc4 35. Bxg7 Kxg7 36. Rxf5 Ra4 37. Rd5 Rxa3 38. Rg5+ Kf6 39. Rxg4 a5 40. h4 b5 41. h5 Kf5 42. Rh4 Ra4 43. Rh3 Kg4 44. Rb3 Ra1+ 45. Kg2 Ra2+ 46. Kg1 b4 47. h6 Rc2 48. h7 Rc8 49. Kf2 Rh8 50. Ke3 Rxh7 51. Kd4 Kf4 52. Kc4 Ke4 53. Kb5 Rh5+ 54. Ka4 Rf5 55. Rb1 Kd3 56. Rb3+ Kd4 57. Rb1 Re5 58. Rd1+ Kc3 59. Rc1+ Kd3 60. Rb1 Kc2 61. Rb2+ Kd3 62. Rb3+ Kd4 63. Rb1 Re8 64. Rh1 Re3 65. Rh8 Ra3+ 66. Kb5 b3 67. Rh3 b2 68. Rxa3 b1=Q+ 69. Kxa5 Kc4 70. Rf3 Qb5# 0-1

[Event "WY U-16 Chess Olympiad 2019"]
[Site "Corum"]
[Date "2019.11.03"]
[Round "6"]
[White "Risteski, Emil"]
[Black "de Jager, Andreas"]
[Result "1-0"]
[WhiteElo "2197"]
[BlackElo "1728"]
[Annotator "ChessBase"]
[PlyCount "107"]
[EventDate "2019.10.28"]
[EventType "team-tourn"]
[EventCountry "TUR"]
[SourceTitle "playchess.com"]
[Source "ChessBase"]
[SourceQuality "1"]

1. e4 c5 2. Nf3 Nc6 3. Bb5 g6 4. Bxc6 dxc6 5. d3 Bg7 6. h3 Nf6 7. O-O O-O 8. Nc3 Nd7 9. Be3 e5 10. Qd2 Re8 11. Nh2 Qe7 12. Rae1 Nf8 13. f4 exf4 14. Bxf4 Ne6 15. Bg3 Nd4 16. e5 Bf5 17. Ne4 Bxe4 18. Rxe4 Nf5 19. Bf4 h5 20. g4 hxg4 21. hxg4 Nd4 22. g5 Qe6 23. Qg2 b6 24. Ng4 Kf8 25. Nf6 Red8 26. a3 Ke7 27. b4 Qa2 28. e6 fxe6 29. Rxd4 Rxd4 30. Qxc6 Rad8 31. Qc7+ R8d7 32. Nxd7 Rxd7 33. Bd6+ Ke8 34. Qc8+ Rd8 35. Qc6+ Rd7 36. Re1 e5 37. Bxe5 Bxe5 38. Rxe5+ Kd8 39. Qa8+ Kc7 40. Qxa7+ Kd6 41. Qb8+ Kc6 42. Re2 cxb4 43. axb4 Qa1+ 44. Kg2 Qd4 45. Re4 Qd5 46. b5+ Kc5 47. Qf8+ Qd6 48. Re5+ Kb4 49. Qxd6+ Rxd6 50. Re4+ Kxb5 51. Kf3 Kc5 52. Kf4 Kd5 53. c4+ Kc5 54. Ke3 1-0

[Event "WY U-16 Chess Olympiad 2019"]
[Site "Corum"]
[Date "2019.11.03"]
[Round "6"]
[White "Nurgali, Nazerke"]
[Black "Beydullayeva, Govhar"]
[Result "1-0"]
[WhiteElo "2194"]
[BlackElo "2289"]
[Annotator "ChessBase"]
[PlyCount "101"]
[EventDate "2019.10.28"]
[EventType "team-tourn"]
[EventCountry "TUR"]
[SourceTitle "playchess.com"]
[Source "ChessBase"]
[SourceQuality "1"]

1. d4 Nf6 2. c4 e6 3. g3 d5 4. Nf3 Bb4+ 5. Bd2 Be7 6. Bg2 O-O 7. O-O Nbd7 8. Qc2 Ne4 9. Bf4 c6 10. Nfd2 g5 11. Nxe4 gxf4 12. Ned2 fxg3 13. hxg3 f5 14. e3 Nf6 15. Nc3 Qe8 16. Ne2 Qh5 17. Nf4 Qh6 18. Bf3 Bd6 19. Kg2 Qg7 20. Rh1 Ne4 21. Rh4 Bxf4 22. Rxf4 Rf6 23. Rh1 Rg6 24. Nf1 Bd7 25. Rfh4 h6 26. Bh5 Rg5 27. R1h3 Nf6 28. Be2 Rg6 29. Rh2 Rf8 30. Nd2 Ng4 31. Bxg4 fxg4 32. Nb3 e5 33. Rh5 Rgf6 34. Kg1 exd4 35. Nxd4 Be8 36. Nf5 Bg6 37. e4 Bxf5 38. exf5 Rd8 39. Qd2 Kf7 40. Rxh6 Rxh6 41. Rxh6 dxc4 42. Qf4 Kf8 43. f6 Qg8 44. Qc7 Rd1+ 45. Kh2 Re1 46. Qb8+ Re8 47. Qd6+ Kf7 48. Qd7+ Kf8 49. f7 Qxf7 50. Rh8+ Kg7 51. Rh7+ 1-0

[Event "WY U-16 Chess Olympiad 2019"]
[Site "Corum"]
[Date "2019.11.03"]
[Round "6"]
[White "Kasimov, Ali"]
[Black "Runets, Ivan"]
[Result "1/2-1/2"]
[WhiteElo "2166"]
[BlackElo "2288"]
[Annotator "ChessBase"]
[PlyCount "134"]
[EventDate "2019.10.28"]
[EventType "team-tourn"]
[EventCountry "TUR"]
[SourceTitle "playchess.com"]
[Source "ChessBase"]
[SourceQuality "1"]

1. e4 c5 2. Nf3 e6 3. d4 cxd4 4. Nxd4 a6 5. Bd3 Nf6 6. O-O Qc7 7. Qe2 d6 8. c4 g6 9. Nc3 Bg7 10. Be3 O-O 11. f4 Nbd7 12. Kh1 b6 13. Rac1 Bb7 14. b4 Rac8 15. Nb3 Qb8 16. Nd2 Rfd8 17. Na4 Bc6 18. Nc3 Ne8 19. Nf3 Bb7 20. Bd2 Nef6 21. a3 Qa8 22. Rce1 Nh5 23. Nd1 b5 24. cxb5 axb5 25. Bxb5 Qxa3 26. Nf2 Rc2 27. Qd3 Qxd3 28. Bxd3 Rcc8 29. Rc1 Nb6 30. Be3 Na4 31. Kg1 Nf6 32. Bd4 Nd7 33. Bxg7 Kxg7 34. Ra1 Nb2 35. Bb5 Nf6 36. Rfe1 Bc6 37. Bf1 Ra8 38. Rxa8 Rxa8 39. Rb1 Na4 40. e5 dxe5 41. Nxe5 Bd5 42. Ra1 Nb6 43. Rxa8 Bxa8 44. g3 Bd5 45. Bb5 Bb3 46. Bc6 Nfd5 47. b5 Ba4 48. Nd7 Nxd7 49. Bxd7 Kf8 50. Bc6 Nc3 51. Ne4 Bxb5 52. Nxc3 Bxc6 53. Kf2 Ke7 54. g4 f6 55. Ke3 g5 56. Ne2 h6 57. Kf2 Kd6 58. Kg3 e5 59. fxg5 fxg5 60. h4 e4 61. hxg5 hxg5 62. Kf2 Ke5 63. Ke3 Bb5 64. Ng3 Bd3 65. Nh1 Bb1 66. Nf2 Bc2 67. Nh3 Kf6 1/2-1/2

[Event "WY U-16 Chess Olympiad 2019"]
[Site "Corum"]
[Date "2019.11.03"]
[Round "6"]
[White "Samadashvili, Martha"]
[Black "Garifullina, Leya"]
[Result "0-1"]
[WhiteElo "2155"]
[BlackElo "2330"]
[Annotator "TA"]
[PlyCount "98"]
[EventDate "2019.10.28"]
[EventType "team-tourn"]
[EventCountry "TUR"]
[SourceTitle "playchess.com"]
[Source "ChessBase"]
[SourceQuality "1"]

1. e4 c5 2. Nf3 d6 3. Bb5+ Bd7 4. Bxd7+ Qxd7 5. c4 Nf6 6. Nc3 g6 7. d4 cxd4 8. Nxd4 Bg7 9. f3 O-O 10. Be3 Nc6 11. Nde2 a6 12. a4 e6 13. O-O Rfe8 14. Nf4 Qc7 15. Rc1 Nd7 16. b3 Nc5 17. Na2 Ne5 18. b4 Ncd7 19. c5 dxc5 20. Bxc5 Nxc5 21. Rxc5 Nc6 22. Ne2 Bf8 23. Rc1 Qb6+ 24. Kh1 Nxb4 25. Nxb4 Qxb4 26. Rb1 Qe7 27. Qb3 Rab8 28. Qb6 Qd6 29. Qxd6 Bxd6 30. Rfd1 Bf8 31. g3 b5 32. axb5 axb5 33. Nd4 b4 34. Nb3 Rec8 35. Rd3 Rc3 36. Rbd1 Rbc8 37. Kg2 Rc2+ 38. R1d2 R8c3 39. Rxc2 Rxc2+ 40. Rd2 Rc3 41. Rb2 Bg7 42. Rb1 Rc2+ 43. Kg1 Bc3 44. f4 Kg7 45. e5 h6 46. Rd1 g5 47. Nc5 gxf4 48. gxf4 Bd2 49. Nd3 b3 0-1

[Event "WY U-16 Chess Olympiad 2019"]
[Site "Corum"]
[Date "2019.11.03"]
[Round "6"]
[White "Sismeiro, Miguel"]
[Black "Vujovic, Savo"]
[Result "0-1"]
[WhiteElo "2113"]
[BlackElo "2040"]
[Annotator "ChessBase"]
[PlyCount "140"]
[EventDate "2019.10.28"]
[EventType "team-tourn"]
[EventCountry "TUR"]
[SourceTitle "playchess.com"]
[Source "ChessBase"]
[SourceQuality "1"]

1. e4 e5 2. Nf3 Nc6 3. Bb5 a6 4. Ba4 Nf6 5. O-O Be7 6. d3 b5 7. Bb3 O-O 8. a4 b4 9. Nbd2 d6 10. Nc4 Be6 11. c3 Rb8 12. Re1 Nd7 13. Be3 d5 14. Ncd2 Nc5 15. Bxc5 Bxc5 16. exd5 Bxd5 17. Bxd5 Qxd5 18. Nc4 f6 19. Qc2 Ba7 20. Rad1 Na5 21. Nxa5 Qxa5 22. Qb3+ Kh8 23. d4 bxc3 24. Qxc3 Qxc3 25. bxc3 exd4 26. Nxd4 Rb2 27. Re7 Bb6 28. g3 Rd8 29. Rde1 h5 30. Re8+ Rxe8 31. Rxe8+ Kh7 32. Ra8 a5 33. Re8 Ra2 34. Re7 Rxa4 35. Ne6 Ra2 36. Nxg7 Rxf2 37. Ne6+ Kg8 38. Nd4 Rc2 39. Kf1 Rxc3 40. Ne6 a4 41. Nf4 a3 42. Re2 Rb3 43. Nd5 Rb1+ 44. Kg2 Rb2 45. Rxb2 axb2 46. Nc3 Bd4 47. Nb1 c5 48. Kf3 f5 49. h3 c4 50. Ke2 Be5 51. Kd2 Bxg3 52. Kc3 Be5+ 53. Kxc4 Kf7 54. Kd5 Bg7 55. h4 Bf6 56. Nd2 Bc3 57. Nb1 Be1 58. Ke5 Kg6 59. Kf4 Bxh4 60. Nc3 Be1 61. Nb1 Bb4 62. Kf3 Kg5 63. Kg3 h4+ 64. Kh3 f4 65. Kh2 Kg4 66. Kg2 h3+ 67. Kf2 f3 68. Kg1 Kg3 69. Kh1 f2 70. Nd2 b1=Q+ 0-1

[Event "WY U-16 Chess Olympiad 2019"]
[Site "Corum"]
[Date "2019.11.03"]
[Round "6"]
[White "Tengis, Tsog-Ochir"]
[Black "Tadic, Stefan"]
[Result "1/2-1/2"]
[WhiteElo "2111"]
[BlackElo "2295"]
[Annotator "ChessBase"]
[PlyCount "98"]
[EventDate "2019.10.28"]
[EventType "team-tourn"]
[EventCountry "TUR"]
[SourceTitle "playchess.com"]
[Source "ChessBase"]
[SourceQuality "1"]

1. Nf3 c5 2. b3 d6 3. c4 e5 4. Nc3 Nc6 5. g3 g6 6. h4 Bg7 7. Bg2 h6 8. h5 g5 9. Nh2 f5 10. Bb2 Nf6 11. Nd5 O-O 12. d3 Nxh5 13. Ng4 fxg4 14. Rxh5 Qe8 15. Rh2 Qf7 16. Be4 Bf5 17. Ne3 Be6 18. Kd2 Qd7 19. Qh1 Rf6 20. Bd5 Kf8 21. Qe4 Bf5 22. Qh1 Rb8 23. Rf1 Nb4 24. Be4 Be6 25. f4 gxf4 26. gxf4 Rxf4 27. Rxh6 Qf7 28. Rxe6 Qxe6 29. Rxf4+ exf4 30. Bxg7+ Kxg7 31. Nf5+ Kg8 32. Qh4 Qe5 33. d4 cxd4 34. a3 d3 35. axb4 Qb2+ 36. Kxd3 Qxb3+ 37. Kd2 Qxb4+ 38. Kd1 Qa4+ 39. Ke1 Qa1+ 40. Kf2 g3+ 41. Kg2 Qe5 42. Qg5+ Kf8 43. Qh6+ Ke8 44. Nxd6+ Kd7 45. Bf5+ Ke7 46. Qh7+ Kxd6 47. Qd7+ Kc5 48. Qb5+ Kd6 49. Qd7+ Kc5 1/2-1/2

[Event "WY U-16 Chess Olympiad 2019"]
[Site "Corum"]
[Date "2019.11.03"]
[Round "6"]
[White "Terziev, Dimo"]
[Black "Zhang, Xiao"]
[Result "1-0"]
[WhiteElo "2098"]
[BlackElo "2053"]
[Annotator "NA"]
[PlyCount "109"]
[EventDate "2019.10.28"]
[EventType "team-tourn"]
[EventCountry "TUR"]
[SourceTitle "playchess.com"]
[Source "ChessBase"]
[SourceQuality "1"]

1. e4 c6 2. d4 d5 3. exd5 cxd5 4. Bd3 Nc6 5. c3 Qc7 6. Ne2 Bg4 7. f3 Bd7 8. Bf4 e5 9. dxe5 Nxe5 10. O-O Bd6 11. Nd4 Nxd3 12. Bxd6 Qxd6 13. Qxd3 Ne7 14. Na3 O-O 15. Nac2 Ng6 16. f4 Rfe8 17. f5 Ne5 18. Qg3 f6 19. Ne3 Nc4 20. Qxd6 Nxd6 21. Nxd5 Re5 22. Nc7 Rc8 23. Nce6 g6 24. Rad1 gxf5 25. Nxf5 Rxf5 26. Rxf5 Nxf5 27. Rxd7 Rc6 28. Nd4 Nxd4 29. Rxd4 Rc7 30. Kf2 Kf7 31. Kf3 Ke6 32. Re4+ Kf5 33. g4+ Kg5 34. Rd4 Re7 35. Rd5+ Kg6 36. h4 h6 37. Kf4 Rc7 38. Rd4 Kf7 39. c4 Ke6 40. b3 Rc8 41. Rd5 Rc6 42. Rh5 Ra6 43. Rxh6 Rxa2 44. g5 Kf7 45. Rxf6+ Kg7 46. Rd6 b6 47. Kg4 Rb2 48. Rd7+ Kg8 49. h5 Rxb3 50. g6 Rb1 51. Kg5 Rg1+ 52. Kh6 Kf8 53. g7+ Kg8 54. Rd8+ Kf7 55. Rf8+ 1-0

[Event "WY U-16 Chess Olympiad 2019"]
[Site "Corum"]
[Date "2019.11.03"]
[Round "6"]
[White "Bochnicka, Vladimir"]
[Black "Alvarez Angel, Nelson Eduardo"]
[Result "0-1"]
[WhiteElo "2087"]
[BlackElo "1974"]
[Annotator "NA"]
[PlyCount "102"]
[EventDate "2019.10.28"]
[EventType "team-tourn"]
[EventCountry "TUR"]
[SourceTitle "playchess.com"]
[Source "ChessBase"]
[SourceQuality "1"]

1. e4 c5 2. Nf3 Nc6 3. d4 cxd4 4. Nxd4 Qb6 5. Nb3 Nf6 6. Nc3 e6 7. Bd3 a6 8. O-O Be7 9. a4 Qc7 10. a5 Bb4 11. Bd2 O-O 12. Na4 Bxa5 13. Nxa5 Nxa5 14. e5 Nd5 15. c4 Nxc4 16. Rc1 b5 17. Qh5 g6 18. Qe2 Qxe5 19. Bxc4 Qxe2 20. Bxe2 bxa4 21. Bf3 Bb7 22. Bxd5 Bxd5 23. Bf4 Rfc8 24. Rc7 Rxc7 25. Bxc7 f6 26. f4 Rc8 27. Rc1 Kf7 28. Rc3 h6 29. g3 g5 30. Kf2 gxf4 31. gxf4 Kg6 32. Ke3 Kf5 33. Kd4 Bb3 34. Bd6 Rxc3 35. bxc3 e5+ 36. fxe5 fxe5+ 37. Ke3 Ke6 38. Bb4 Kd5 39. Kd3 e4+ 40. Ke3 Bc2 41. Kd2 Bd3 42. Bf8 Kc4 43. Bxh6 a3 44. Kc1 Kxc3 45. Bg7+ Kc4 46. Kd2 d5 47. Ba1 d4 48. h4 e3+ 49. Ke1 Bg6 50. h5 Bxh5 51. Kf1 d3 0-1

[Event "WY U-16 Chess Olympiad 2019"]
[Site "Corum"]
[Date "2019.11.03"]
[Round "6"]
[White "Moazaz, Dhahir Habeeb"]
[Black "Brilej, Jaka"]
[Result "0-1"]
[WhiteElo "2087"]
[BlackElo "2177"]
[Annotator "ChessBase"]
[PlyCount "42"]
[EventDate "2019.10.28"]
[EventType "team-tourn"]
[EventCountry "TUR"]
[SourceTitle "playchess.com"]
[Source "ChessBase"]
[SourceQuality "1"]

1. c4 f5 2. g3 Nf6 3. Bg2 g6 4. Nc3 Bg7 5. Nf3 O-O 6. O-O d6 7. d4 c6 8. Bg5 Na6 9. Qc1 Qb6 10. Bh6 Bxh6 11. Qxh6 Qxb2 12. Rac1 Rf7 13. h3 Nb4 14. Ng5 Rg7 15. d5 Bd7 16. Rfd1 c5 17. a4 a6 18. Qh4 Nc2 19. Nb1 Nd4 20. Nc3 Rb8 21. e4 Nb3 0-1

[Event "WY U-16 Chess Olympiad 2019"]
[Site "Corum"]
[Date "2019.11.03"]
[Round "6"]
[White "Navaratnam, Rohan Shan Tze"]
[Black "Tanriverdi, Enes"]
[Result "0-1"]
[WhiteElo "2061"]
[BlackElo "2401"]
[Annotator "TA"]
[PlyCount "60"]
[EventDate "2019.10.28"]
[EventType "team-tourn"]
[EventCountry "TUR"]
[SourceTitle "playchess.com"]
[Source "ChessBase"]
[SourceQuality "1"]

1. e4 c5 2. Nf3 e6 3. b3 b6 4. Bd3 Bb7 5. O-O d6 6. Bb2 Nd7 7. Na3 Ngf6 8. e5 dxe5 9. Nxe5 Nxe5 10. Bxe5 Qd5 11. Bb5+ Nd7 12. Qf3 Qxf3 13. gxf3 O-O-O 14. Bg3 h5 15. h4 Bxf3 16. Nc4 f6 17. a4 a5 18. Bxd7+ Kxd7 19. Nxb6+ Kc6 20. Nc4 Rd4 21. c3 Rg4 22. Nxa5+ Kd7 23. Nc4 g5 24. Ne3 f5 25. Nxg4 hxg4 26. a5 Bd6 27. a6 Rxh4 28. Bxh4 gxh4 29. d4 h3 30. dxc5 h2# 0-1

[Event "WY U-16 Chess Olympiad 2019"]
[Site "Corum"]
[Date "2019.11.03"]
[Round "6"]
[White "Vuckovic, Marko"]
[Black "Santos, Jose Guilherme B Lim"]
[Result "1/2-1/2"]
[WhiteElo "2054"]
[BlackElo "2183"]
[Annotator "ChessBase"]
[PlyCount "141"]
[EventDate "2019.10.28"]
[EventType "team-tourn"]
[EventCountry "TUR"]
[SourceTitle "playchess.com"]
[Source "ChessBase"]
[SourceQuality "1"]

1. e4 c5 2. Nf3 d6 3. d4 cxd4 4. Nxd4 Nf6 5. Nc3 a6 6. g3 e5 7. Nde2 Be7 8. Bg2 O-O 9. a4 Nbd7 10. O-O Qc7 11. h3 b6 12. g4 Nc5 13. Ng3 g6 14. Qe2 Ne6 15. Be3 Bb7 16. Qd2 Qd8 17. Rfd1 Ne8 18. Nd5 Bxd5 19. exd5 Nc5 20. a5 Nd7 21. axb6 Nxb6 22. Qd3 a5 23. b4 Nd7 24. Qa3 f5 25. gxf5 gxf5 26. f4 exf4 27. Bxf4 Bf6 28. Ra2 Be5 29. Ne2 Ng7 30. bxa5 Nh5 31. Rf1 Qh4 32. Qe3 Rae8 33. Qf2 Qxf2+ 34. Rxf2 Nxf4 35. Nxf4 Bd4 36. Ne6 Bxf2+ 37. Kxf2 Rf7 38. Bf1 Rb8 39. Ke3 f4+ 40. Nxf4 Re8+ 41. Kf3 Rxf4+ 42. Kxf4 Rf8+ 43. Ke3 Rxf1 44. a6 Nb6 45. a7 Rf8 46. Kd4 Rf4+ 47. Kd3 Rf3+ 48. Ke4 Rxh3 49. Rb2 Rh4+ 50. Kf5 Ra4 51. Rxb6 Rxa7 52. Ke6 h5 53. Kxd6 Kf7 54. c4 h4 55. Rb3 Ra6+ 56. Ke5 Rh6 57. Rh3 Ke7 58. c5 Rh5+ 59. Kd4 Kd7 60. Kc4 Kc7 61. Kb5 Rxd5 62. Rxh4 Rd7 63. Ra4 Kb8 64. Kb6 Rb7+ 65. Kc6 Rc7+ 66. Kd6 Rh7 67. Rg4 Rh6+ 68. Kd5 Kc7 69. Rg7+ Kc8 70. Rg8+ Kc7 71. Rg7+ 1/2-1/2

[Event "WY U-16 Chess Olympiad 2019"]
[Site "Corum"]
[Date "2019.11.03"]
[Round "6"]
[White "Kuhar, Larisa"]
[Black "Ahmed, Jaza Jamal"]
[Result "1-0"]
[WhiteElo "2030"]
[BlackElo "2011"]
[Annotator "NA"]
[PlyCount "109"]
[EventDate "2019.10.28"]
[EventType "team-tourn"]
[EventCountry "TUR"]
[SourceTitle "playchess.com"]
[Source "ChessBase"]
[SourceQuality "1"]

1. e4 d6 2. d4 Nf6 3. Nc3 e5 4. dxe5 dxe5 5. Qxd8+ Kxd8 6. Bc4 Ke8 7. Nf3 Bd6 8. O-O Be6 9. Bb3 h6 10. Nd2 Nbd7 11. Nc4 Nc5 12. f3 Ke7 13. Be3 a6 14. Rad1 Rhd8 15. Kh1 Nxb3 16. axb3 Bxc4 17. bxc4 c6 18. Bb6 Rdc8 19. c5 Bc7 20. Na4 Nd7 21. Bxc7 Rxc7 22. Rd3 Rd8 23. Rfd1 Rcc8 24. b4 g6 25. Rd6 f6 26. Kg1 Nf8 27. Nb6 Rb8 28. Kf2 Rxd6 29. Rxd6 Rd8 30. Rxd8 Kxd8 31. Nc4 Kd7 32. g3 Ne6 33. c3 h5 34. h4 Nf8 35. f4 Ke6 36. Na5 exf4 37. gxf4 g5 38. fxg5 fxg5 39. hxg5 Ke5 40. Kf3 Ng6 41. Nxb7 Nh4+ 42. Kg3 Ng6 43. Nd8 Kxe4 44. Nxc6 Kf5 45. Na7 Kxg5 46. c6 h4+ 47. Kh2 Kf5 48. c7 Ne7 49. c8=Q+ Nxc8 50. Nxc8 Ke5 51. Nb6 Kd6 52. c4 Kc6 53. Nd5 a5 54. bxa5 Kc5 55. Ne3 1-0

[Event "WY U-16 Chess Olympiad 2019"]
[Site "Corum"]
[Date "2019.11.03"]
[Round "6"]
[White "Vorobiov, Vlad"]
[Black "Butvilas, Aistis"]
[Result "1/2-1/2"]
[WhiteElo "2029"]
[BlackElo "2116"]
[Annotator "ChessBase"]
[PlyCount "113"]
[EventDate "2019.10.28"]
[EventType "team-tourn"]
[EventCountry "TUR"]
[SourceTitle "playchess.com"]
[Source "ChessBase"]
[SourceQuality "1"]

1. e4 c5 2. Nf3 e6 3. d4 cxd4 4. Nxd4 Nf6 5. Nc3 Nc6 6. Ndb5 Bc5 7. Bf4 O-O 8. Bc7 Qe7 9. Bd6 Bxd6 10. Qxd6 Ne8 11. Qxe7 Nxe7 12. O-O-O f5 13. f3 fxe4 14. fxe4 Nc6 15. Be2 Rf6 16. Rhf1 Rxf1 17. Bxf1 Kf8 18. Be2 Ke7 19. h3 d6 20. Nd4 Bd7 21. Bb5 Nxd4 22. Bxd7 Kxd7 23. Rxd4 e5 24. Rd3 Nf6 25. Kd2 a6 26. Nd5 Nxd5 27. Rxd5 Rf8 28. Ke2 Rf4 29. Ke3 Rf1 30. Rd2 Ra1 31. a3 Rb1 32. c3 Re1+ 33. Re2 Rb1 34. Kd3 Ke6 35. Kc4 Rd1 36. Kb3 d5 37. Kc2 Rf1 38. exd5+ Kxd5 39. Kd3 h5 40. c4+ Ke6 41. b3 Kf5 42. a4 Rd1+ 43. Kc2 Rd7 44. Kc3 Kf4 45. g3+ Kxg3 46. Rxe5 h4 47. Re3+ Kg2 48. b4 g5 49. b5 axb5 50. axb5 g4 51. hxg4 h3 52. c5 Rf7 53. Kd4 h2 54. Re1 Rf1 55. Re2+ Rf2 56. Re1 Rf1 57. Ke4 1/2-1/2

[Event "WY U-16 Chess Olympiad 2019"]
[Site "Corum"]
[Date "2019.11.03"]
[Round "6"]
[White "Shohradowa, Lala"]
[Black "Ding, Dao En"]
[Result "1-0"]
[WhiteElo "2024"]
[BlackElo "1731"]
[Annotator "NA"]
[PlyCount "81"]
[EventDate "2019.10.28"]
[EventType "team-tourn"]
[EventCountry "TUR"]
[SourceTitle "playchess.com"]
[Source "ChessBase"]
[SourceQuality "1"]

1. d4 d5 2. c4 dxc4 3. Nc3 a6 4. a4 Nc6 5. e3 Nf6 6. Bxc4 Bg4 7. f3 Bh5 8. Nge2 e6 9. e4 Na5 10. Ba2 Bb4 11. O-O c5 12. d5 Bxc3 13. Nxc3 exd5 14. Nxd5 Nxd5 15. Qxd5 Qxd5 16. Bxd5 Rc8 17. Be3 Ke7 18. Rac1 c4 19. Bb6 Nb3 20. Rc2 f6 21. a5 Nc5 22. Rxc4 Nd7 23. Rfc1 Nxb6 24. axb6 Rxc4 25. Rxc4 Rb8 26. Rc7+ Kf8 27. Kf2 Be8 28. Rxb7 Rxb7 29. Bxb7 Ke7 30. Bxa6 Kd6 31. Ke3 Bf7 32. Kd4 h5 33. f4 g5 34. fxg5 fxg5 35. Bc4 Bg6 36. Bd5 h4 37. e5+ Kd7 38. e6+ Kd6 39. e7 g4 40. b7 Kc7 41. Bc6 1-0

[Event "WY U-16 Chess Olympiad 2019"]
[Site "Corum"]
[Date "2019.11.03"]
[Round "6"]
[White "Mhango, Banele"]
[Black "Hatirli, Ugur Can"]
[Result "1-0"]
[WhiteElo "2010"]
[BlackElo "1852"]
[Annotator "NA"]
[PlyCount "137"]
[EventDate "2019.10.28"]
[EventType "team-tourn"]
[EventCountry "TUR"]
[SourceTitle "playchess.com"]
[Source "ChessBase"]
[SourceQuality "1"]

1. d4 Nf6 2. c4 e6 3. g3 d5 4. Nf3 dxc4 5. Bg2 c5 6. Qa4+ Nbd7 7. Qxc4 Nb6 8. Qd3 cxd4 9. Qxd4 Qxd4 10. Nxd4 Bc5 11. Nb3 Be7 12. Nc3 Nc4 13. Nd2 Nd6 14. b3 Bd7 15. Bb2 Rc8 16. O-O b6 17. Rfd1 O-O 18. Nde4 Ndxe4 19. Nxe4 Nd5 20. Be5 Bb5 21. e3 Rfd8 22. a4 Be2 23. Rdc1 Bb4 24. Bd6 Bxd6 25. Nxd6 Rxc1+ 26. Rxc1 Ne7 27. Re1 Ba6 28. Nb5 Rd7 29. Rc1 g6 30. Nc7 Be2 31. Bf1 Rd1 32. Rxd1 Bxd1 33. Bc4 Nc6 34. Nb5 a5 35. f4 Nb4 36. Kf2 Bc2 37. Ke2 Kf8 38. Nd6 Ke7 39. Nb5 Be4 40. Nc3 Bb7 41. g4 h6 42. h4 Na6 43. g5 hxg5 44. hxg5 Nc5 45. Nb5 Ba6 46. Na3 Bb7 47. Kd2 e5 48. Kc3 Ne4+ 49. Kb2 Nd6 50. Bd3 exf4 51. exf4 Bd5 52. Kc3 Nb7 53. Bc4 Bc6 54. Nc2 Nc5 55. Nd4 Bd7 56. Bd5 Na6 57. Nf3 Nc7 58. Bc4 Be6 59. Ne5 Bxc4 60. Nxc4 Nd5+ 61. Kd4 Ke6 62. Ke4 Nc3+ 63. Ke3 Nd5+ 64. Ke4 Nc3+ 65. Kf3 Nd5 66. Kg4 Ke7 67. f5 Ne3+ 68. Nxe3 Kd7 69. Nc4 1-0

[Event "WY U-16 Chess Olympiad 2019"]
[Site "Corum"]
[Date "2019.11.03"]
[Round "6"]
[White "Laurincova, Kristyna"]
[Black "Utsab Chatterjee"]
[Result "1-0"]
[WhiteElo "2006"]
[BlackElo "2211"]
[Annotator "ChessBase"]
[PlyCount "83"]
[EventDate "2019.10.28"]
[EventType "team-tourn"]
[EventCountry "TUR"]
[SourceTitle "playchess.com"]
[Source "ChessBase"]
[SourceQuality "1"]

1. e4 c5 2. Nf3 d6 3. d4 cxd4 4. Nxd4 Nf6 5. Nc3 a6 6. h3 e6 7. g4 d5 8. exd5 Nxd5 9. Nde2 Bb4 10. Bg2 O-O 11. O-O Nxc3 12. Nxc3 Qc7 13. Qd4 Bd6 14. Be3 Nd7 15. Rad1 Bc5 16. Qc4 Bb6 17. Qxc7 Bxc7 18. Ne4 Rd8 19. b3 Ne5 20. Rxd8+ Bxd8 21. Nd6 Nc6 22. Rd1 Be7 23. Nc4 a5 24. Nb6 Rb8 25. c4 Kf8 26. Nxc8 Rxc8 27. Rd7 Rb8 28. Bxc6 bxc6 29. Rc7 Bd8 30. Rxc6 a4 31. b4 Be7 32. a3 Ra8 33. Bc5 Rd8 34. Bxe7+ Kxe7 35. Ra6 Rd3 36. Rxa4 Rxh3 37. c5 Kd7 38. b5 Kc7 39. b6+ Kc6 40. Rb4 Kb7 41. c6+ Kc8 42. b7+ 1-0

[Event "WY U-16 Chess Olympiad 2019"]
[Site "Corum"]
[Date "2019.11.03"]
[Round "6"]
[White "Juhasz, Judit"]
[Black "Koc, Azra Ece"]
[Result "1-0"]
[WhiteElo "2004"]
[BlackElo "1860"]
[Annotator "NA"]
[PlyCount "65"]
[EventDate "2019.10.28"]
[EventType "team-tourn"]
[EventCountry "TUR"]
[SourceTitle "playchess.com"]
[Source "ChessBase"]
[SourceQuality "1"]

1. e4 c6 2. d4 d5 3. e5 Bf5 4. h4 h5 5. Bd3 Bxd3 6. Qxd3 e6 7. Bg5 Qb6 8. Nd2 Ne7 9. Ngf3 Nd7 10. O-O c5 11. c4 Qa6 12. Rfe1 Nf5 13. Qc2 Nb6 14. cxd5 Nxd5 15. dxc5 Rc8 16. Ne4 b6 17. Rad1 Bxc5 18. Nxc5 bxc5 19. Rxd5 exd5 20. Qxf5 Qe6 21. Qd3 O-O 22. Rd1 d4 23. b3 Rc6 24. Re1 Rb8 25. Re2 Qd5 26. Nd2 a5 27. Qg3 Rbc8 28. Bf6 g6 29. Qf4 Kf8 30. Nc4 d3 31. Rd2 Ke8 32. Nd6+ Rxd6 33. exd6 1-0

[Event "WY U-16 Chess Olympiad 2019"]
[Site "Corum"]
[Date "2019.11.03"]
[Round "6"]
[White "Kilic, Eray"]
[Black "Barseghyan, Armen Ar."]
[Result "0-1"]
[WhiteElo "2001"]
[BlackElo "2381"]
[Annotator "TA"]
[PlyCount "118"]
[EventDate "2019.10.28"]
[EventType "team-tourn"]
[EventCountry "TUR"]
[SourceTitle "playchess.com"]
[Source "ChessBase"]
[SourceQuality "1"]

1. Nf3 Nf6 2. c4 g6 3. d4 c5 4. g3 cxd4 5. Nxd4 Nc6 6. Bg2 Bg7 7. Nc3 h5 8. Nxc6 bxc6 9. h3 O-O 10. O-O d6 11. Be3 Be6 12. Qa4 Rb8 13. Qa3 c5 14. Rfd1 Qc8 15. Kh2 a6 16. b3 h4 17. Qc1 hxg3+ 18. fxg3 Nh5 19. Nd5 Bxd5 20. Rxd5 Bxa1 21. Qxa1 Nf6 22. Bh6 Rd8 23. g4 Kh7 24. g5 Qe6 25. Bf3 Rg8 26. gxf6 Kxh6 27. Qc1+ Kh7 28. Qf4 Qxf6 29. Qxf6 exf6 30. Rxd6 Kg7 31. Rxa6 Rge8 32. Ra5 Re5 33. Kg3 Rd8 34. Ra7 Rde8 35. Kf2 f5 36. a3 Rb8 37. Bd5 Rxb3 38. Rxf7+ Kh6 39. a4 Rxh3 40. Bf3 Rh4 41. a5 Re6 42. Rc7 Rxc4 43. Bd5 Rf4+ 44. Kg3 Rg4+ 45. Kf3 Ra6 46. Rxc5 Ra4 47. Rc1 R6xa5 48. e4 fxe4+ 49. Bxe4 Re5 50. Bc2 Rc4 51. Rh1+ Rh5 52. Rxh5+ Kxh5 53. Bd1 Kg5 54. Kg2 Kf4 55. Bb3 Rb4 56. Bd5 g5 57. Bc6 Rb2+ 58. Kf1 g4 59. Kg1 Ke5 0-1